Responses for Show #3132 - Tuesday, March 24, 1998

Contestants

[<< previous game]

Rob Carlisle, an engineer originally from Haslemere, England

Bill Johnson, a cattle breeder from Fort Mill, South Carolina

Bridget Boyd, a federal civil servant from Perry, Georgia (whose 1-day cash winnings total $10,201)

[next game >>]

Jeopardy! Round responses

STATE LICENSE PLATES
WOMEN IN POWER
THE SCHMIDTS, PIONEER FAMILY
THE MOVIES
"IN & OUT" CLICHES
NICKNAMES
    $100 13
Idaho

Bridget
    $100 1
Margaret Thatcher

Rob
    $100 6
yarn

Bill
    $100 11
Keanu Reeves

Rob
    $100 26
out of the frying pan, into the fire

Rob
    $100 21
Ivan the Terrible

Bridget
    $200 19
Georgia

Bridget
    $200 2
Janet Reno

Rob
    $200 7
wagon train

Rob
    $200 12
Roseanne

Rob
    $200 27
in the doghouse

Bridget
    $200 22
King of the Cowboys

Bill
    $300 18
Florida

Bill
    $300 3
Liddy Dole

Bill
    $300 8
stockade

Bill
    $300 14
Lolita

Rob
    $1,000 28
(Alex: That's right! Nick Nolte & Richard Dreyfuss.)

Down and Out in Beverly Hills

Bridget
    $300 23
the Bull Moose Party

Bill
    $400 17
New Jersey

Bill
    $400 4
Katharine Graham

Bridget
    $400 9
ax

Rob
    $400 15
Ravi Shankar

Triple Stumper
    $400 29
out of sight, out of mind

Triple Stumper
    $400 24
James Monroe

Bill
    $500 16
(Rob: What is New Mexico?)

Arizona

BillRob
    $500 5
Georgia Rosenbloom (Frontiere)

Bill
    $500 10
Donner Party

Bridget
    $500 20
Legends of the Fall

Bill
    $500 30
Out, damn spot!

Bridget
    $500 25
Handel

Bridget

Scores at the first commercial break (after clue 15):

Bridget Bill Rob
$1,000 $1,200 $1,500

Scores at the end of the Jeopardy! Round:

Bridget Bill Rob
$3,500 $3,800 $1,100

Double Jeopardy! Round responses

STRIFE WITH FATHER
BITES
LINGUA MORTALIS
(Alex: ...has to do with dead languages.)
ROCK STARS
SMILE!
NICK NAMES
    $200 3
Lizzie Borden

Bridget
    $200 12
vampire bats

Bridget
    $200 1
the Olympics

Rob
    $200 30
Steven Tyler

Bridget
    $200 21
"when Irish eyes are smiling"

Bridget
    $200 8
the devil

Rob
    $400 4
(Rob: Who is Icarus?)

Isaac

BridgetRob
    $400 13
gadfly

Triple Stumper
    $400 2
ibid

Bridget
    $400 29
Beck

Triple Stumper
    $400 22
Da Vinci

Bridget
    $400 17
(Rob: Who is the Great Big Bear?)

Jack Nicklaus (The Golden Bear)

Bill
    $600 5
Oedipus

Bill
    $600 14
fangs

Bill
    $600 9
(Bill: What is "I think, therefore I am"?)
(Alex: No, I wanted the Latin phrase.)

Cogito ergo sum

Bill
Triple Stumper
    $600 26
(Bridget: Who is Jason [*]?)

Jakob Dylan

Bridget
Triple Stumper
    $600 23
Mark Twain

Rob
    $600 18
Nick Adams

Triple Stumper
    $800 6
(Bill: Who are the Mendez brothers?)

Menendez brothers

Bill
Triple Stumper
    $800 15
bite the dust

Bridget
    $900 10
(Rob: What is "Art is free?")

Art for art's sake

Rob
    $800 27
(Rob: I don't know.)

Kenny Loggins

Rob
    $800 24
John Paul I

Rob
    $800 19
Nick Cassavetes

Bill
    $1000 7
Gary Gilmore

Bridget
    $1000 16
Sepoy Mutiny

Bill
    $1000 11
Quid Pro Quo

Bridget
    $1000 28
Bon Jovi

Rob
    $1000 25
Smiles of a Summer Night

Triple Stumper
    $1000 20
Nicky Arnstein

Bridget

Scores at the end of the Double Jeopardy! Round:

Bridget Bill Rob
$8,700 $5,800 $1,800

[wagering suggestions for these scores]

Final Jeopardy! Round responses

20th CENTURY LEADERS
(Alex: El Escorial is not too far from Madrid.)
RobWho was Franco?
$1,000
BillWho was Franco?
$5,710
BridgetWho was Pancho Villa?
$2,000
Francisco Franco

Final scores:

Bridget Bill Rob
$6,700 $11,510 $2,800
2nd place: 1-week Trip to the Bahamas New champion: $11,510 3rd place: Wittnauer's Montego, the ultimate Swiss watch

Game dynamics:

Coryat scores:

Bridget Bill Rob
$8,000 $5,800 $3,500
20 R
(including 1 DD),
1 W
16 R,
2 W
13 R,
4 W
(including 2 DDs)

Combined Coryat: $17,300

[game clues] [game scores] [suggest correction]

Game tape date: Unknown
The J! Archive is created by fans, for fans. Scraping, republication, monetization, and malicious use prohibited; this site may use cookies and collect identifying information. See terms. The Jeopardy! game show and all elements thereof, including but not limited to copyright and trademark thereto, are the property of Jeopardy Productions, Inc. and are protected under law. This website is not affiliated with, sponsored by, or operated by Jeopardy Productions, Inc. Join the discussion at JBoard.tv.